|
|
|
|
| LEADER |
01376nam a2200313 a 4500 |
| 001 |
0017157 |
| 003 |
BD-DhAAL |
| 008 |
090706s2004 nyu b 001 0 eng d |
| 010 |
|
|
|a \\2004003902
|
| 020 |
|
|
|a 0415212618 (pbk. : alk. paper)
|
| 020 |
|
|
|a 041521260X (hardback : alk. paper)
|
| 020 |
|
|
|a 9780415212618
|
| 040 |
|
|
|a DLC
|c DLC
|d DLC
|d BD-DhAAL
|
| 082 |
0 |
0 |
|a 809.3
|2 22
|
| 100 |
1 |
|
|a Fuchs, Barbara,
|d 1970-
|9 58297
|
| 245 |
1 |
0 |
|a Romance /
|c Barbara Fuchs.
|
| 260 |
|
|
|a New York :
|b Routledge,
|c 2004.
|
| 300 |
|
|
|a viii, 146 p. ;
|c 20 cm
|
| 490 |
0 |
|
|a New critical idiom
|
| 504 |
|
|
|a Includes bibliographical references (p. [133]-141) and index.
|
| 526 |
|
|
|a ENH
|x Prof. Syed Manzoorul Islam
Faculty Member of BRAC University
|
| 541 |
1 |
|
|e 00017157
|a Friends' Book Corner
|
| 650 |
|
0 |
|a Romances
|x History and criticism.
|9 58298
|
| 650 |
|
0 |
|a Literature, Medieval
|x History and criticism.
|9 58299
|
| 650 |
|
0 |
|a European literature
|y Renaissance, 1450-1600
|x History and criticism.
|9 58300
|
| 852 |
4 |
|
|a Ayesha Abed Library
|c General Stacks
|
| 942 |
|
|
|2 ddc
|c BK
|
| 999 |
|
|
|c 2153
|d 2153
|
| 952 |
|
|
|0 0
|1 0
|2 ddc
|4 0
|6 809_300000000000000_FUC
|7 0
|9 1984
|a BRACUL
|b BRACUL
|c GEN
|d 2009-07-07
|e Friends' Book Corner
|g 480.00
|l 6
|m 46
|o 809.3 FUC
|p 3010017157
|q 2026-05-19
|r 2026-04-12
|s 2026-04-12
|t 1
|v 960.00
|w 2009-07-07
|y BK
|x Requisitioned by Prof. Syed Manzoorul Islam (Faculty Member of BRAC University).
|